书目信息 |
| 题名: |
基础化学计量学
|
|
| 作者: | 刘树深 , 易忠胜 编著 | |
| 分册: | ||
| 出版信息: | 北京 科学出版社 1999.08 |
|
| 页数: | 197页 | |
| 开本: | 26cm | |
| 丛书名: | ||
| 单 册: | ||
| 中图分类: | O6-04 | |
| 科图分类: | ||
| 主题词: | 化学--理论 , 化学--方法 | |
| 电子资源: | ||
| ISBN: | 7-03-007271-5 | |
| 000 | 00578nam0 2200217 45 | |
| 001 | 0009250963 | |
| 005 | 20040520091836.9 | |
| 010 | @a7-03-007271-5@dCNY20.00 | |
| 100 | @a20000925d1999 km y0chiy0120 ea | |
| 101 | 0 | @achi |
| 105 | @a z 000yy | |
| 200 | 1 | @a基础化学计量学@f刘树深,易忠胜编著@FLiu Shu Shen,Yi Zhong Sheng Bian Zhu |
| 210 | @a北京@c科学出版社@d1999.08 | |
| 215 | @a197页@d26cm | |
| 606 | 0 | @a化学@x理论 |
| 606 | 0 | @a化学@x方法 |
| 690 | @aO6-04@v1 | |
| 701 | 0 | @a刘树深@4编著 |
| 701 | 0 | @a易忠胜@4编著 |
| 801 | @aCN@bTSTC@c20000925 | |
| 905 | @dO6-04@e244 | |
| 基础化学计量学/刘树深,易忠胜编著.-北京:科学出版社,1999.08 |
| 197页;26cm |
| ISBN 7-03-007271-5:CNY20.00 |
| ● |
| 相关链接 |
|
|
|
|
正题名:基础化学计量学
索取号:O6-04/244
 
预约/预借
| 序号 | 登录号 | 条形码 | 馆藏地/架位号 | 状态 | 备注 |
| 1 | 0290812 | 002908125 | 第三借阅区/ [索取号:O6-04/244] | 在馆 | |
| 2 | 0290813 | 002908134 | 第三借阅区/ [索取号:O6-04/244] | 在馆 | |
| 3 | 0290814 | 002908143 | 第三借阅区/ [索取号:O6-04/244] | 在馆 | |
| 4 | 0290815 | 002908152 | 第三借阅区/ [索取号:O6-04/244] | 在馆 | |
| 5 | 0290816 | 002908161 | 第二样本阅览室/ [索取号:O6-04/244] | 在馆 |